| 000 | 00819nam a22002177a 4500 | ||
|---|---|---|---|
| 999 |
_c15180 _d15180 |
||
| 003 | OSt | ||
| 082 | _2631.75807 ASH/PR | ||
| 088 | _aP 190 | ||
| 100 |
_aASHIL V. S _93401 |
||
| 245 | _aPredicting the coefficient of permeability of soils based on grain size analysis | ||
| 260 |
_aTavanur 2009 _bDepartment of Land and Water Resources and Conservation Engineering |
||
| 300 | _a73 | ||
| 500 | _aPredicting the coefficient of permeability of soils based on grain size analysis | ||
| 520 | _aPredicting the coefficient of permeability of soils based on grain size analysis | ||
| 700 |
_aDrisya J _93402 |
||
| 700 |
_aHaritha V. P _93403 |
||
| 700 |
_aRose Antony _93404 |
||
| 700 |
_aEr. Renuka Kumari J (Guide) _93405 |
||
| 856 | _uhttps://drive.google.com/open?id=1NTuINUi8OPBdLSMFvIP08yKj39JStXsP | ||
| 942 | _cPR | ||